000 00562nam a2200205Ia 4500
005 20250508165435.0
008 008 250505s9999 xx 000 0 eng d
020 _a978-1-4522-3477-9
037 _aTextBook
040 _aFEDL
_beng
_cFEDL
041 _aeng
_2eng
084 _a420.7, BRI/R
_qFEDL
100 _aBrien Jackie
_9780855
245 0 _aTeaching primary english
260 _aLondon, UK
_bSage Publications Ltd.
_c2013
300 _axiii, 210p.
365 _aGBP
_b20.99
942 _cTB
_h420.7, BRI/R
999 _c1395109
_d1395109